Представление документа в формате RUSMARC

ПолеНазваниеЗначение
  Тип записи a
  Библиографический уровень m
001 Контрольный номер RU/REG73/CBS_GRAD/027f66b8569d4f9c9a2b768bfbe3c10e
005 Дата корректировки 20240730105728.1
010 Индекс ISBN __
a ISBN 978-5-17-115560-5
b Уточнения в пер.
d Цена 100 р.
9 Тираж 5000 экз.
100 Данные общей обработки __
a Данные общей обработки 20240730d2019 |||y0rusy0189## ca
101 Язык документа 0_
a Язык текста rus
102 Страна публикации __
a Страна публикации RU
105 Кодированные данные (монография) __
a Кодированные данные (монография) y z 000yy
200 Заглавие и сведения об ответственности 1_
a Заглавие Организм: перезагрузка
e Сведения, относящиеся к заглавию методики разумной работы тела
f Первые сведения об ответственности Заболотный Константин Борисович
g Последующие сведения об ответственности редактор А. Амелькина
203 Вид содержания и тип средства __
a Вид содержания Текст
b Характеристика содержания визуальное
c Тип средства непосредственный
210 Выходные данные 1_
a Место издания Москва
c Издательство АСТ
d Дата издания 2019
215 Физическое описание __
a Объем 288 с.
d Формат 22 см
225 Серия 1_
a Серия Доказательно о медицине
333 Примечание о целевом назначении __
a Примечание о целевом назначении 16+
606 Тематические рубрики 0_
a Основная рубрика Здоровый образ жизни
a Основная рубрика Электропунктурная диагностика
610 Ключевые слова 0_
a Ключевые слова здоровый образ жизни; функциональное питание; индивидуальные оздоровительные программы; японская технология Накатани; биологически активные добавки; мобильный мониторинг состояния здоровья; валеология; электропунктурная диагностика
686 Индексы других классификаций __
a Классификационный индекс 51.204.0
a Классификационный индекс 53.58
2 Код системы rubbk
700 Автор _1
a Фамилия Заболотный
b Имя (инициалы) К. Б.
g Полное личное имя Константин Борисович
4 Код отношения 070
702 Вторичная интеллектуальная ответственность _1
a Фамилия Амелькина
b Имя (инициалы) А.
4 Код отношения 340
801 Источник записи _0
a Страна RU
b Организация RuCBSGrad
c Дата составления 20240730
g Правила каталогизации RCR
801 Источник записи _1
a Страна RU
b Организация RuCBSGrad
c Дата составления 20240730
g Правила каталогизации RCR
852 Данные о местонахождении __
a Наименование организации МБУК "ЦБС г.Димитровграда"
i Авторский знак З-12
899 Данные о местонахождении __
t Дата завершения обработки 20240730
901 Тип документа __
t Тип документа m
909 Создатель записи __
a Создатель записи Бакалдина
b Дата создания записи 20240730